000 00964nam a2200289I 4500
001 76073
003 BD-RjUL
005 20211209082802.0
008 191020s1949 nyu 000 0 eng d
035 _aMITb10925643
035 _a(OCoLC)00537213
035 _a(BD-RjUL)76293
040 _aCSU
_cCSU
_dMYG
_dBD-RjUL
_beng
041 _aeng
082 _223
_a658.8
_bMCR 1949
100 1 _aMcNair, Malcolm P.
_q(Malcolm Perrine),
_d1894-1985.
_9233932
245 1 0 _aReadings in marketing /
_cby Malcolm P. McNair and Harry L. Hansen.
260 _aNew York,
_bMcGraw-Hill,
_c1949.
300 _axi,769 p.:
_bill.
_c24cm.
490 1 _aHarvard problem books
500 _a"Planned to accompany and supplement the [editor's] case book, Problems in marketing."
650 0 _aMarketing.
_9233933
700 1 _aHansen, Harry L.,
_d1911-1992.
_9233936
830 0 _aHarvard problem books.
_9233937
942 _2ddc
_cBK
999 _c76073
_d76073